Tìm kiếm dưới âm phủ

Guardat en:
Dades bibliogràfiques
Autor principal: Đỗ, Văn Ninh
Format: Llibre
Idioma:Undetermined
Publicat: Hà Nội Thanh niên 2004
Matèries:
Etiquetes: Afegir etiqueta
Sense etiquetes, Sigues el primer a etiquetar aquest registre!
Thư viện lưu trữ: Trung tâm Học liệu Trường Đại học Cần Thơ
LEADER 00506nam a2200193Ia 4500
001 CTU_63363
008 210402s9999 xx 000 0 und d
020 |b 22000 
082 |a 930.1 
082 |b N312 
100 |a Đỗ, Văn Ninh 
245 0 |a Tìm kiếm dưới âm phủ 
245 0 |c Đỗ Văn Ninh 
260 |a Hà Nội 
260 |b Thanh niên 
260 |c 2004 
650 |a Archaeology 
904 |i TUYẾN 
980 |a Trung tâm Học liệu Trường Đại học Cần Thơ